Normal view
MARC view
- Schulz, , B. earlust
Entry Personal Name
001 - CONTROL NUMBER
- control field: 6185
003 - CONTROL NUMBER IDENTIFIER
- control field: OSt
005 - DATE AND TIME OF LATEST TRANSACTION
- control field: 20240326114204.0
008 - FIXED-LENGTH DATA ELEMENTS
- fixed length control field: 240326|| aca||aabn | a|a d
040 ## - CATALOGING SOURCE
- Original cataloging agency: OSt
- Transcribing agency: OSt
100 ## - HEADING--PERSONAL NAME
- Personal name: Schulz, , B. earlust
670 ## - SOURCE DATA FOUND
- Source citation: Work cat.: (OSt)11208: Schulz, , B. earlust ., Essentials of Goverment , 1961.
